Longest Running Movie Series Quiz - Statistics

General Stats
  • This quiz has been taken 148 times
    128 since last reset
  • The average score is 52 of 104
Answer Stats
Years # Subtitle Franchise % Correct
1977-2025 14 Last Jedi, Phantom Menace Star Wars
100%
2001-2022 11 Sorcerer's Stone, Goblet of Fire Wizarding World
96%
2012-2015 4 Catching Fire, Mockingjay Hunger Games
94%
1994-2019 4 1/2, Simba's Pride The Lion King
94%
1996-2023 8 Fallout, Rogue Nation, II, III, 7, 8 Mission Impossible
93%
2002-2022 10 2, 3, Homecoming Spider-Man
93%
1966-2022 12 Forever, Returns, and Robin, Begins Batman
91%
2014-2021 4 King of the Monsters, Skull Island MonsterVerse
90%
2001-2021 10 Tokyo Drift, Hobbs and Shaw Fast and the Furious
89%
2001-2014 6 Two Towers, Return of the King Middle Earth
89%
2003-2016 2 Dory Finding Nemo
88%
2012-2019 4 Age of Ultron, Endgame, Infinity War The Avengers
88%
2005-2014 4 Escape 2 Africa, Penguins of Madagascar
86%
2011-2016 3 Winter Soldier, Civil War, First Avenger Captain America
85%
1967-2021 26 Goldfinger, Spectre, Skyfall, Casino Royale James Bond
85%
1973-2018 8 II, III, IV, V, Balboa Rocky
85%
2011-2022 4 Dark World, Love and Thunder Thor
85%
1992-2019 4 Return of Jafar, King of Thieves Aladdin
83%
1993-2022 6 Lost World, World, Fallen Kingdom, III Jurassic Park
83%
1995-2019 3 Welcome to the Jungle, Next Level Jumanji
81%
1981-2022 5 Raiders of the Lost Ark, Temple of Doom, 5 Indiana Jones
80%
2010-2021 5 2, 3, Rise of Gru Despicable Me
79%
1985-2021 2 Maverick Top Gun
79%
2012-2018 2 Breaks the Internet Wreck-It Ralph
79%
1979-2017 7 Nation, V.S. Predator, s, 3 Alien
78%
2001-2020 4 2, 3, Scoob! Scooby Doo
78%
1990-2012 5 Lost in New York, Christmas Heist Home Alone
76%
2005-2010 3 Prince Caspian Chronicles of Narnia
75%
2001-2013 2 University Monsters Inc.
75%
2009-2017 3 Logan, Origins Wolverine
75%
1975-2016 9 Search for Spock, Beyond, Into Darkness Star Trek
74%
1985-2019 6 Judgement Day, Salvation, Dark Fate, 7 The Terminator
74%
1978-2013 8 II, III, Returns, Quest for Peace Superman
73%
2004-2017 5 Dawn of the Dinosaurs, Collision Course Ice Age
71%
2000-2019 7 Last Stand, First Class, Dark Phoenix X-Men
71%
2003-2017 5 On Stranger Tides, Curse of the Black Peark Pirates of the Caribbean
70%
1976-2016 3 Fury Road, Beyond Thunderdome Mad Max
68%
2007-2018 5 Revenge of the Fallen, Last Knight Transformers
68%
2014-2023 3 Vol. 2, Vol. 3 Guardians of the Galaxy
66%
2001-2012 5 2, The Third, Forever After Shrek
65%
2005-2015 3 Rise of Silver Surfer Fantastic Four
64%
2004-2015 5 Legacy, Supremacy, Ultimatium Jason Bourne
64%
1994-2006 3 2, The Escape Clause The Santa Clause
63%
2007-2016 4 Squekquel,Chipqrecked Alvin and the Chipmunks
60%
2008-2013 3 2, 3 Iron Man
60%
1987-2005 3 Alien V.S., 2 Predator
60%
1997-2006 4 Goldmember, Spy Who Shagged Me Austin Powers
59%
2015-2016 3 Insurgent, Alligent Divergent
58%
2017-2019 2 Chapter Two IT
56%
1984-2019 5 Last Blood, 2 Rambo
56%
2018-2021 3 Let There Be Carnage SonyVerse
56%
1999-2017 6 Returns, Scorpion King The Mummy
55%
2012-2016 2 Winters War, Snow White and the The Huntsman
54%
1997-2019 4 II, III, Internatonal Men in Black
51%
1988-2008 5 With a Vengeance, er Die Hard
50%
2000-2010 3 Little Fockers Meet the Parents
50%
1974-2020 3 1984 Wonder Woman
50%
1999-2021 4 Revolutions, Reloaded, 4 The Matrix
49%
1985-1990 3 II, III Back to the Future
48%
1996-2021 3 II, For Life Bad Boys
45%
1976-2014 7 Most Wanted, Take Manhattan The Muppets
45%
1995-2019 4 2, 3, 4 Toy Story
45%
2000-2019 3 Unbreakable, Split Glass
43%
2006-2011 4 2, Senior Year High School Musical
41%
2008-2017 2 Here We Go Again Mamma Mia
41%
2006-2017 5 2, 3, Fire and Rescue Cars
40%
2001-2012 6 Island of Lost Dreams, Game Over Spy Kids
39%
2007-2012 4 New Moon, Breaking Dawn The Twilight Saga
38%
2013-2019 2 Mistress of Evil Maleficent
35%
1976-2018 7 Many Adventures of, Grand Adventure Winnie the Pooh
35%
2004-2018 2 2 The Incredibles
34%
1975-1986 5 2, 3-D Jaws
33%
2005-2017 3 State of the Union, Return of Xander Cage xXx
33%
2013-2019 2 II Frozen
31%
2009-2028 5 2, 3, 4, 5 Avatar
30%
2016-2020 3 Holiday, World Tour Trolls
28%
2003-2007 2 Evan Bruce Almighty
26%
2006-2014 3 Secret of the Tomb Night at the Museum
25%
1999-2012 7 Reunion American Pie
21%
1987-2021 4 After Life, II Ghostbusters
21%
2001-2018 3 Reborn, Strikes Again Johnny English
20%
1991-2017 4 Enchanted Christmas Beauty and the Beast
18%
2016-2018 3 2, Once Upon a Deadpool
18%
2013-2020 2 A New Age The Croods
15%
1984-2019 2 1948 Blade Runner
14%
2008-2016 3 2, 3 Kung Fu Panda
14%
1999-2013 7 2, 3, 4, V Scary Movie
14%
2012-2016 2 Never Go Back Jack Reacher
13%
2013-2017 3 2, 3 Pitch Perfect
13%
1984-1991 3 II, III Beverly Hills Cop
11%
1984-2010 5 II, III, Next The Karate Kid
11%
2008-2010 2 Last Jam Camp Rock
6%
2012-2022 4 2, Summer Vacation, Transformania Hotel Tranyslvania
6%
1966-2018 2 Returns Mary Poppins
6%
1996-2020 3 II Mulan
6%
2018-2021 2 Part II A Quiet Place
5%
2010-2014 2 2 RED
4%
1999-2020 5 2 Doctor Doolittle
3%
2006-2014 3 2, 3 The Expendables
3%
2018-2020 2 2 Zombies
3%
2003-2006 2 2 Cheaper by the Dozen
1%
1983-2021 2 2 Coming to America
1%
2015-2019 3 2, 3 Descendants
1%
2008-2020 5 2, 3, 4 Ip Man
1%
No matching quizzes found
Score Distribution
Percent of People with Each Score
Percentile by Number Answered
Your Score History
You have not taken this quiz since the last reset